书目信息 |
| 题名: |
搭地铁玩台北
|
|
| 作者: | 《搭地铁玩台北》编辑部编著 | |
| 分册: | ||
| 出版信息: | 桂林 广西师范大学出版社 2014 |
|
| 页数: | 219页 | |
| 开本: | 21cm | |
| 丛书名: | ||
| 单 册: | ||
| 中图分类: | K928.958.1 | |
| 科图分类: | ||
| 主题词: | 旅游指南--台北 | |
| 电子资源: | ||
| ISBN: | 978-7-5633-9662-7 | |
| 000 | 00821nam0 2200241 450 | |
| 001 | 338349 | |
| 005 | 20150921091829.96 | |
| 010 | @a978-7-5633-9662-7@dCNY48.00 | |
| 100 | @a20110803d2011 em y0chiy50 ea | |
| 101 | 0 | @achi |
| 102 | @aCN@b450000 | |
| 105 | @aab z 001yy | |
| 106 | @ar | |
| 200 | 1 | @a搭地铁玩台北@Ada di tie wan tai bei@d= Taipei subway@e2014-2015最新全彩版@f《搭地铁玩台北》编辑部编著@zeng |
| 210 | @a桂林@c广西师范大学出版社@d2014 | |
| 215 | @a219页@c图, 地图@d21cm | |
| 300 | @a搭地铁系列 考拉旅行DT009 | |
| 330 | @a本书包含31大热门站点, 228个旅游热地全攻略。内容包括: 碧潭风景区;新店自行车道;乌来温泉;乌来瀑布;内洞森林游览区等。 | |
| 510 | 1 | @aTaipei subway@zeng |
| 606 | 0 | @a旅游指南@y台北 |
| 690 | @aK928.958.1@v5 | |
| 801 | 0 | @aCN@b卓展宏图@c20150525 |
| 905 | @dK928.958.1@e895@f4 | |
| 搭地铁玩台北= Taipei subway:2014-2015最新全彩版/《搭地铁玩台北》编辑部编著.-桂林:广西师范大学出版社,2014 |
| 219页:图, 地图;21cm |
| 搭地铁系列 考拉旅行DT009 |
| ISBN 978-7-5633-9662-7:CNY48.00 |
| 本书包含31大热门站点, 228个旅游热地全攻略。内容包括: 碧潭风景区;新店自行车道;乌来温泉;乌来瀑布;内洞森林游览区等。 |
| ● |
| 相关链接 |
|
|
|
|
正题名:搭地铁玩台北
索取号:K928.958.1/895
 
预约/预借
| 序号 | 登录号 | 条形码 | 馆藏地/架位号 | 状态 | 备注 |
| 1 | 861827 | 208618272 | 第二样本阅览室/ [索取号:K928.958.1/895] | 在馆 | |
| 2 | 861828 | 208618281 | 第二借阅区/ [索取号:K928.958.1/895] | 在馆 | |
| 3 | 861829 | 208618290 | 密集书库-资源管理系/ [索取号:K928.958.1/895] | 在馆 | |
| 4 | 861830 | 208618307 | 第二借阅区/ [索取号:K928.958.1/895] | 在馆 |